| 000 | 00612nam a2200217 i 4500 | ||
|---|---|---|---|
| 001 | bgj | ||
| 100 | 1 | _aMICHAELS-KLEIN, Helaine | |
| 245 | 1 | 0 |
_aDesign for drama : _bshort plays based on American literature / _cHelaine Michaels-Klein. |
| 250 | _aRepr. | ||
| 260 |
_aWashington,D.C. : _bUnited States Information Agency, _c1991. |
||
| 300 |
_a[5], 52 pp ; _c26 cm. |
||
| 650 | 9 | _aReaders | |
| 650 | 9 | _aAmerican literature | |
| 650 | 9 | _aShort |plays | |
| 655 | _aTextbooks for foreigners | ||
| 020 | _apbk | ||
| 040 | _cBPK | ||
| 041 | _aeng | ||
| 942 | _cKS | ||
| 008 | s uk f |000 0 eng | ||
| 999 |
_c49356 _d49356 |
||
| 856 |
_uhttp://koha.tu.koszalin.pl/cgi-bin/koha/opac-detail.pl?biblionumber=49356 _yKatalog online BPK |
||